000 00751nam a2200217Ia 4500
003 OSt
005 20220923221844.0
006 a|||||r|||| 00| 0
007 ta
008 220922b |||||||| |||| 00| 0 hin d
024 _a200,529
037 _cTextual
040 _aARTS
_cARTS
_bhin
041 _2hin
_ahin
082 _aV2:25xM69w, 152H8
100 _aगंगोपाध्याय, विनय कुमार
_9165672
245 0 _aमृत्यंुजय गान्धी वेनी माधव सिंह
246 _aMṛutyanujaya gāndhī venī mādhav sianha
942 _hV2:25xM69w, 152H8
_cTEXL
_2CC
999 _c352201
_d352201